[Event "16th EUR-ch"]
[Site "Jerusalem ISR"]
[Date "2015.03.02"]
[Round "6"]
[White "Vardi, Shlomit"]
[Black "Bochkarev, Yuriy"]
[Result "0-1"]
[WhiteElo "1945"]
[BlackElo "2076"]
[EventDate "2015.02.24"]
[PlyCount "86"]

1.e4 d6 2.d4 e5 3.Nf3 exd4 4.Nxd4 Nc6 5.Nxc6 bxc6 6.Be2 Be7 7.O-O Bf6 8.f4
Ne7 9.c3 O-O 10.Be3 Re8 11.Qc2 Nd5 12.Bc1 Nb6 13.Bd3 g6 14.Nd2 a5 15.Nf3 
Ba6 16.Bxa6 Rxa6 17.Qd3 Ra8 18.Bd2 Rb8 19.Kh1 Na4 20.Qc2 Nxb2 21.Rae1 Nc4 
22.Bc1 Rb5 23.Nd4 Bxd4 24.cxd4 d5 25.f5 Qh4 26.fxg6 hxg6 27.g3 Qe7 28.Qf2 
dxe4 29.Qc2 Qe6 30.h4 Qh3+ 31.Qh2 Qxh2+ 32.Kxh2 Rd5 33.Rf6 Rxd4 34.Rxc6 
Ne5 35.Rc3 Rd3 36.Rxd3 Nxd3 37.Rd1 Nxc1 38.Rxc1 e3 39.Kg2 e2 40.Kf2 Kg7 
41.Ke1 Re3 42.Rc5 a4 43.Rxc7 Rxg3 0-1

[Event "16th EUR-ch"]
[Site "Jerusalem ISR"]
[Date "2015.03.02"]
[Round "6"]
[White "Nareznoy, David"]
[Black "Globus, Or"]
[Result "0-1"]
[WhiteElo "2069"]
[BlackElo "1862"]
[EventDate "2015.02.24"]
[PlyCount "68"]

1.e4 c5 2.Nf3 d6 3.d4 cxd4 4.Nxd4 Nf6 5.Nc3 g6 6.Be3 Bg7 7.f3 Nc6 8.Qd2 
Be6 9.Bb5 Qc7 10.O-O-O O-O 11.Nxe6 fxe6 12.Bh6 Rac8 13.h4 a6 14.Bc4 d5 15.
Bd3 Bxh6 16.Qxh6 d4 17.Ne2 Nb4 18.Qd2 Nxa2+ 19.Kb1 Nc3+ 20.bxc3 dxc3 21.
Qe3 Qa5 22.Nc1 Qb4+ 23.Nb3 a5 24.Be2 e5 25.Rd5 Nxd5 26.exd5 a4 27.Bd1 axb3
28.cxb3 Ra8 29.Qxe5 Ra1+ 30.Kc2 Ra2+ 31.Kd3 Rd2+ 32.Ke3 Qc5+ 33.Ke4 Rf5 
34.Qe6+ Kg7 0-1

[Event "16th EUR-ch"]
[Site "Jerusalem ISR"]
[Date "2015.03.02"]
[Round "6"]
[White "Kerner, Michael"]
[Black "Vaturi, Eden"]
[Result "1-0"]
[WhiteElo "2063"]
[BlackElo "1798"]
[EventDate "2015.02.24"]
[PlyCount "65"]

1.e4 d6 2.Nc3 Nf6 3.f4 g6 4.Nf3 Bg7 5.Be2 O-O 6.O-O c5 7.Kh1 Nc6 8.d3 a6 
9.Qe1 Bg4 10.Qf2 Bxf3 11.Bxf3 Qc7 12.g4 e6 13.f5 Nd7 14.Bg2 Rac8 15.Bd2 
Nb4 16.Qh4 Qd8 17.g5 exf5 18.exf5 f6 19.fxg6 hxg6 20.a3 Nxc2 21.Bd5+ Rf7 
22.Bxf7+ Kxf7 23.Qc4+ Kf8 24.gxf6 Nxf6 25.Nd5 Nxa1 26.Bg5 b5 27.Qh4 Rc7 
28.Nxc7 Qxc7 29.Bxf6 Qc6+ 30.Kg1 d5 31.Be5+ Kg8 32.Qd8+ Kh7 33.Qe7 1-0

[Event "16th EUR-ch"]
[Site "Jerusalem ISR"]
[Date "2015.03.02"]
[Round "6"]
[White "Altshul, Limor"]
[Black "Tifferet, Shaked"]
[Result "1-0"]
[WhiteElo "1887"]
[BlackElo "2001"]
[EventDate "2015.02.24"]
[PlyCount "97"]

1.d4 Nf6 2.c4 g6 3.Nc3 d5 4.Nf3 Bg7 5.cxd5 Nxd5 6.Na4 Nb6 7.e4 O-O 8.Be3 
Nxa4 9.Qxa4 b6 10.Be2 Bb7 11.Qc2 Nd7 12.O-O Rc8 13.Rfd1 h6 14.d5 c5 15.Qd2
Kh7 16.Rac1 Nf6 17.Qc2 Qc7 18.h4 Qd7 19.Ne5 Qd6 20.f4 Nd7 21.Nxd7 Qxd7 22.
h5 Rg8 23.hxg6+ fxg6 24.Bf3 e5 25.Qe2 exf4 26.Bg4 Qd6 27.Bxc8 Bxc8 28.Bf2 
h5 29.Qd2 Bh6 30.b4 f3 31.bxc5 Qe5 32.Qc3 Qg5 33.Qxf3 Bg4 34.Qg3 Rf8 35.
Rf1 Be2 36.Qxg5 Bxg5 37.cxb6 Bxf1 38.Rxf1 axb6 39.Bxb6 Rb8 40.Bd4 Rb4 41.
Rf7+ Kg8 42.Rg7+ Kf8 43.Bc5+ Kxg7 44.Bxb4 Be3+ 45.Kf1 Kf6 46.Bc3+ Ke7 47.
Ke2 Bc5 48.e5 g5 49.Kf3 1-0

[Event "16th EUR-ch"]
[Site "Jerusalem ISR"]
[Date "2015.03.02"]
[Round "6"]
[White "Fainman, Tomer"]
[Black "Poleg, Dan"]
[Result "0-1"]
[WhiteElo "1571"]
[BlackElo "1992"]
[EventDate "2015.02.24"]
[PlyCount "130"]

1.d4 Nf6 2.Nf3 b6 3.Bf4 Bb7 4.c3 g6 5.h3 Bg7 6.Nbd2 O-O 7.e3 d6 8.Be2 Nbd7
9.O-O Re8 10.Bh2 e5 11.dxe5 dxe5 12.Bc4 Qe7 13.Qc2 Rf8 14.Rfe1 Rad8 15.
Rad1 Kh8 16.e4 Ne8 17.Bb3 Nd6 18.Nc4 Nxc4 19.Bxc4 Nc5 20.Bd5 c6 21.Bc4 f6 
22.b4 Ne6 23.a4 g5 24.Bxe6 Qxe6 25.Rd2 Qe7 26.Red1 Bc8 27.Rxd8 Rxd8 28.
Rxd8+ Qxd8 29.Qd2 Qxd2 30.Nxd2 Be6 31.f3 Bf8 32.Bg3 Kg8 33.Bf2 Kf7 34.Kf1 
Ke8 35.Ke2 Kd7 36.Kd3 Kc7 37.Bg1 Kb7 38.Bf2 a6 39.Be3 b5 40.a5 c5 41.Bxc5 
Bxc5 42.bxc5 Kc6 43.Kc2 Kxc5 44.Nb3+ Kc6 45.Kb2 h5 46.Ka3 h4 47.Nd2 Kc5 
48.Kb2 b4 49.cxb4+ Kxb4 50.Nf1 Kxa5 51.Kc3 Kb5 52.Nd2 a5 53.Nb1 a4 54.Na3+
Kc5 55.Nc2 Bc4 56.Ne3 a3 57.Ng4 a2 58.Kb2 Kd4 59.Nxf6 Ke3 60.Nd7 Kf4 61.
Nc5 Kg3 62.Nd7 Kxg2 63.Nxe5 Be6 64.Ng6 Kxf3 65.Nxh4+ gxh4 0-1

[Event "16th EUR-ch"]
[Site "Jerusalem ISR"]
[Date "2015.03.02"]
[Round "6"]
[White "Hochman, Elnatan"]
[Black "Yaniv, Ori"]
[Result "1/2-1/2"]
[WhiteElo "1976"]
[BlackElo "1579"]
[EventDate "2015.02.24"]
[PlyCount "118"]

1.d4 Nf6 2.c4 g6 3.f3 e5 4.dxe5 Nh5 5.g3 Nc6 6.f4 d6 7.exd6 Bxd6 8.Nf3 Be6
9.e3 Qe7 10.Qe2 O-O-O 11.Nc3 Bc5 12.Bg2 Nb4 13.O-O Bf5 14.Ne1 Nf6 15.Na4 
Rhe8 16.Nxc5 Qxc5 17.Bd2 Nd3 18.b3 Nxe1 19.Rfxe1 Rd3 20.Bf3 Red8 21.Rad1 
Be4 22.Bc1 Rxd1 23.Rxd1 Rxd1+ 24.Qxd1 Bxf3 25.Qxf3 Qf5 26.Qe2 Ne4 27.Bb2 
Qa5 28.Bd4 c5 29.Be5 f6 30.Ba1 Qa3 31.Qc2 f5 32.Be5 Qb4 33.Kg2 Qe1 34.Bb2 
Qxe3 35.Bc1 Qc3 36.Qxc3 Nxc3 37.a3 Ne4 38.Kf3 Kd7 39.g4 Ke6 40.gxf5+ gxf5 
41.Be3 b6 42.Kg2 Kf6 43.Kh3 Kg6 44.Kh4 Nd6 45.Bc1 Ne4 46.b4 Nd6 47.bxc5 
bxc5 48.Be3 Nxc4 49.Bxc5 a6 50.Bf8 Kf7 51.Bb4 Kg6 52.h3 Nb6 53.Kg3 Kf7 54.
Kf3 Ke6 55.Ke2 Nd5 56.Bd2 Nb6 57.Kd3 Kd5 58.Bb4 Na4 59.Bf8 Nc5+ 1/2-1/2

[Event "16th EUR-ch"]
[Site "Jerusalem ISR"]
[Date "2015.03.02"]
[Round "6"]
[White "Levin, Natan"]
[Black "Katzir, Moshe"]
[Result "0-1"]
[WhiteElo "1869"]
[BlackElo "2196"]
[EventDate "2015.02.24"]
[PlyCount "44"]

1.d4 d5 2.Nf3 e6 3.Bg5 Be7 4.Bxe7 Qxe7 5.c3 Nd7 6.Nbd2 Ngf6 7.Qc2 e5 8.
Nxe5 Nxe5 9.dxe5 Qxe5 10.e3 O-O 11.h3 c5 12.Bd3 Qg5 13.g4 d4 14.O-O-O dxe3
15.Nf3 Qf4 16.fxe3 Qxf3 17.Rdf1 Qxe3+ 18.Kb1 Rd8 19.Rd1 Be6 20.g5 Qxg5 21.
Rhg1 Qh6 22.Rdf1 Kh8 0-1

[Event "16th EUR-ch"]
[Site "Jerusalem ISR"]
[Date "2015.03.02"]
[Round "6"]
[White "Henseler, Jorgen"]
[Black "Cohen, Itay"]
[Result "1-0"]
[WhiteElo "2123"]
[BlackElo "1871"]
[EventDate "2015.02.24"]
[PlyCount "71"]

1.d4 Nf6 2.c4 g6 3.Nc3 Bg7 4.e4 O-O 5.Nf3 d6 6.Be2 e5 7.O-O Nc6 8.d5 Ne7 
9.b4 Ne8 10.Re1 h6 11.c5 f5 12.Nd2 Nf6 13.f3 f4 14.Nc4 g5 15.a4 h5 16.Ba3 
Ne8 17.a5 Rf6 18.b5 b6 19.cxb6 cxb6 20.Bb4 Rb8 21.axb6 axb6 22.Ra7 Rg6 23.
Na4 Bd7 24.Naxb6 Rxb6 25.Ba5 Nc8 26.Ra6 g4 27.Nxb6 Nxb6 28.Bxb6 Qh4 29.Bf1
gxf3 30.Bf2 Qg4 31.Ra3 fxg2 32.Be2 Qg5 33.b6 Qd8 34.b7 Qb8 35.Qb3 Nc7 36.
Ba7 1-0

[Event "16th EUR-ch"]
[Site "Jerusalem ISR"]
[Date "2015.03.02"]
[Round "6"]
[White "Vardi, Moshe"]
[Black "Berenboym, Igor"]
[Result "0-1"]
[WhiteElo "1850"]
[BlackElo "2112"]
[EventDate "2015.02.24"]
[PlyCount "46"]

1.e4 c5 2.Nf3 d6 3.d4 cxd4 4.Nxd4 Nf6 5.Nc3 a6 6.a3 g6 7.h3 Bg7 8.Be3 O-O 
9.Bc4 Nc6 10.Nxc6 bxc6 11.O-O Rb8 12.Rb1 Qc7 13.Qe2 d5 14.Bxa6 Nxe4 15.
Nxe4 Bxa6 16.Qxa6 dxe4 17.c3 f5 18.Qc4+ Kh8 19.Rfd1 Rfd8 20.Rxd8+ Rxd8 21.
Qe6 Qd6 22.Qc4 e5 23.Bg5 Qd3 0-1

[Event "16th EUR-ch"]
[Site "Jerusalem ISR"]
[Date "2015.03.02"]
[Round "6"]
[White "Mdivani, Maka"]
[Black "Cohen Revivo, Shoham"]
[Result "1-0"]
[WhiteElo "2105"]
[BlackElo "1838"]
[EventDate "2015.02.24"]
[PlyCount "99"]

1.d4 Nf6 2.c4 c5 3.Nf3 cxd4 4.Nxd4 e5 5.Nb3 d5 6.cxd5 Qxd5 7.Qxd5 Nxd5 8.
a3 Be6 9.N3d2 Nc6 10.e3 a6 11.Be2 f5 12.O-O g6 13.b4 Bg7 14.Bb2 Kf7 15.Nf3
h6 16.b5 axb5 17.Bxb5 e4 18.Bxg7 Kxg7 19.Bxc6 bxc6 20.Nd4 Bd7 21.Rc1 Rhc8 
22.Nd2 Kf6 23.N2b3 Ke7 24.a4 Kd6 25.Nc5 Rc7 26.a5 Nb4 27.f3 exf3 28.gxf3 
Na6 29.Ndb3 Nxc5 30.Rxc5 Rb7 31.Rd1+ Ke7 32.Nd4 Ra6 33.f4 Rba7 34.Nb3 Be6 
35.Re5 Kf7 36.Nc5 Rxa5 37.Nxe6 Rxe5 38.Nd8+ Ke8 39.fxe5 Rd7 40.Rxd7 Kxd7 
41.Nf7 Ke6 42.Nxh6 Kxe5 43.Nf7+ Ke4 44.Kf2 c5 45.Ng5+ Kd3 46.Ne6 Kc4 47.h4
Kb4 48.Nf4 c4 49.Nxg6 c3 50.Nf4 1-0

[Event "16th EUR-ch"]
[Site "Jerusalem ISR"]
[Date "2015.03.02"]
[Round "6"]
[White "Cohen Revivo, Alon"]
[Black "Iliaguev, Daniel"]
[Result "1-0"]
[WhiteElo "2022"]
[BlackElo "1813"]
[EventDate "2015.02.24"]
[PlyCount "67"]

1.d4 Nf6 2.c4 g6 3.Nc3 d5 4.cxd5 Nxd5 5.e4 Nxc3 6.bxc3 Bg7 7.Bc4 c5 8.Ne2 
Nc6 9.Be3 Bg4 10.f3 Bd7 11.O-O O-O 12.Rc1 Rc8 13.Qd2 Bh8 14.Bh6 Re8 15.f4 
cxd4 16.f5 Ne5 17.fxg6 Rxc4 18.gxf7+ Nxf7 19.Rxf7 Kxf7 20.Rf1+ Bf6 21.Qg5 
Rg8 22.Qh5+ Rg6 23.Qd5+ e6 24.Qxc4 Rxh6 25.e5 dxc3 26.Nxc3 Qb6+ 27.Kh1 Ke8
28.exf6 Qd6 29.f7+ Kf8 30.h3 e5 31.Ne4 Qe7 32.Qc7 Rc6 33.Qxb7 Qd8 34.Qb4+ 
1-0

[Event "16th EUR-ch"]
[Site "Jerusalem ISR"]
[Date "2015.03.02"]
[Round "6"]
[White "Rave, Avraham"]
[Black "Toporkova, Sofia"]
[Result "0-1"]
[WhiteElo "1824"]
[BlackElo "1962"]
[EventDate "2015.02.24"]
[PlyCount "70"]

1.d4 Nf6 2.Nf3 g6 3.Nc3 Bg7 4.e4 d6 5.Be2 O-O 6.Be3 Nbd7 7.h3 e5 8.d5 Qe7 
9.b4 c6 10.Rb1 cxd5 11.Nxd5 Nxd5 12.exd5 f5 13.O-O f4 14.Bc1 e4 15.Nd4 f3 
16.gxf3 Bxd4 17.Qxd4 exf3 18.Bd3 Ne5 19.Kh2 Qd7 20.Qh4 Nxd3 21.cxd3 Rf5 
22.Qg3 Qe8 23.h4 Rxd5 24.Bg5 Qf7 25.Rbe1 Be6 26.Re3 Rd4 27.Rfe1 Re8 28.a3 
Bd7 29.Rxe8+ Bxe8 30.Re7 Qf8 31.Rxb7 Qf5 32.Rxa7 Rg4 33.Ra5 Rxg3 34.Kxg3 
Qxd3 35.Ra8 Qe4 0-1

[Event "16th EUR-ch"]
[Site "Jerusalem ISR"]
[Date "2015.03.02"]
[Round "6"]
[White "Chachashvili, Zuri"]
[Black "Bronstein, Or"]
[Result "0-1"]
[WhiteElo "1818"]
[BlackElo "1944"]
[EventDate "2015.02.24"]
[PlyCount "110"]

1.e4 c5 2.Nf3 d6 3.d4 cxd4 4.Nxd4 Nf6 5.Nc3 a6 6.Bg5 Nbd7 7.f4 Qc7 8.Qf3 
h6 9.Bh4 g5 10.fxg5 hxg5 11.Bg3 Nc5 12.Nb3 Bh6 13.Nxc5 Qxc5 14.Qd3 g4 15.
Rd1 Be6 16.Bf2 Qg5 17.Bd4 Rc8 18.b3 O-O 19.Be2 Nd7 20.O-O Bg7 21.Bxg7 Qxg7
22.Nd5 Bxd5 23.exd5 Ne5 24.Qe4 Rc3 25.Rf4 Qg6 26.Qxg6+ fxg6 27.Rxf8+ Kxf8 
28.Rd2 Kf7 29.Bd1 g3 30.hxg3 Rxg3 31.Kf2 Rc3 32.Rd4 a5 33.Re4 Ke8 34.Re3 
Rc5 35.c4 b5 36.cxb5 Rxb5 37.Kg3 Rxd5 38.Be2 Rd2 39.a3 Rb2 40.Kf4 Kd7 41.
g3 Kc6 42.Ke4 Nd7 43.Kd4 e5+ 44.Kc3 Ra2 45.a4 Kc5 46.Bf3 d5 47.Re1 e4 48.
Bxe4 dxe4 49.Rxe4 Nb6 50.Re6 Nd5+ 51.Kd3 Rg2 52.Re8 Rxg3+ 53.Kc2 Kd4 54.
Ra8 Nb4+ 55.Kb2 Rg2+ 0-1

[Event "16th EUR-ch"]
[Site "Jerusalem ISR"]
[Date "2015.03.02"]
[Round "6"]
[White "Feldman, Antony"]
[Black "Lukovski, Lev"]
[Result "1-0"]
[WhiteElo "1807"]
[BlackElo "1932"]
[EventDate "2015.02.24"]
[PlyCount "79"]

1.Nf3 d6 2.g3 Nf6 3.Bg2 e5 4.d3 Be7 5.O-O O-O 6.c4 c6 7.Nc3 h6 8.Rb1 a5 9.
a3 Na6 10.b4 axb4 11.axb4 Bd7 12.Qc2 Qc8 13.Na4 Bd8 14.Bd2 Re8 15.Rfc1 Bh3
16.b5 Bxg2 17.bxa6 Bxf3 18.axb7 Qh3 19.exf3 Rb8 20.Rb2 Re7 21.Rcb1 Nh7 22.
Nc3 f5 23.Qa4 f4 24.Ne4 d5 25.cxd5 cxd5 26.Qa2 Rd7 27.Bc3 Kh8 28.Nd2 Qf5 
29.Qa7 Bc7 30.Ba5 Bd6 31.Rc2 Rf7 32.Rc6 Qd7 33.Rbb6 Bc7 34.Ra6 Bxa5 35.
Qxb8+ Nf8 36.Rc8 Bb4 37.Qc7 Qf5 38.Qxf7 Qxf7 39.b8=Q Qe7 40.Rxf8+ 1-0

[Event "16th EUR-ch"]
[Site "Jerusalem ISR"]
[Date "2015.03.02"]
[Round "6"]
[White "Samarin, Leonid"]
[Black "Gorodetzky, Matan"]
[Result "1-0"]
[WhiteElo "1748"]
[BlackElo "1733"]
[EventDate "2015.02.24"]
[PlyCount "101"]

1.c4 e6 2.Nc3 Nf6 3.d4 Bb4 4.Nf3 Nc6 5.e3 O-O 6.Bd3 d6 7.a3 Bxc3+ 8.bxc3 
e5 9.e4 exd4 10.cxd4 Re8 11.Qc2 Nxe4 12.O-O Nf6 13.Bg5 h6 14.Bh4 Bg4 15.d5
Bxf3 16.gxf3 Ne5 17.Be2 Ng6 18.Bg3 Qd7 19.Bd3 Ne5 20.Bf5 Qe7 21.Kg2 g6 22.
Bh3 Qf8 23.Bh4 g5 24.Bg3 Qg7 25.Bf5 Nfd7 26.Kh1 Nc5 27.f4 Nf3 28.fxg5 hxg5
29.Bg4 Nd4 30.Qd1 f5 31.Bh5 Rf8 32.Bf4 Kh7 33.Rg1 Ne4 34.Be3 c5 35.f3 Nc3 
36.Qd3 Nce2 37.Rxg5 Qe5 38.Bg6+ Kh8 39.Re1 Rae8 40.Bxd4 Qxd4 41.Qxd4+ cxd4
42.Bxe8 Rxe8 43.Rd1 f4 44.Rg2 Re3 45.c5 dxc5 46.d6 Re8 47.Rxe2 Rd8 48.Re7 
Rxd6 49.Rxb7 Ra6 50.Re1 Rg6 51.Rc7 1-0

[Event "16th EUR-ch"]
[Site "Jerusalem ISR"]
[Date "2015.03.02"]
[Round "6"]
[White "Or, Yochanan"]
[Black "Freiman, Mark"]
[Result "0-1"]
[WhiteElo "1822"]
[BlackElo "1873"]
[EventDate "2015.02.24"]
[PlyCount "144"]

1.e4 e6 2.d3 d5 3.Qe2 dxe4 4.dxe4 c6 5.Be3 Nf6 6.Nd2 Be7 7.a3 Nbd7 8.Rd1 
Qc7 9.g3 O-O 10.Bg2 e5 11.Ngf3 a5 12.Nh4 g6 13.f4 b5 14.h3 Ba6 15.Qf2 c5 
16.fxe5 Nxe5 17.Bg5 Nh5 18.Bh6 Rfe8 19.Nhf3 Nxg3 20.Nxe5 Qxe5 21.Rg1 Nh5 
22.Bf3 Ng7 23.Be2 c4 24.Rf1 Rf8 25.c3 Bc5 26.Qh4 Be7 27.Qg4 Bc8 28.Qf3 
Bh4+ 29.Rf2 Bxf2+ 30.Kxf2 Qh2+ 31.Ke3 Qxh3 32.Rh1 Qxf3+ 33.Nxf3 f6 34.Nd4 
Bd7 35.Bf3 Rfe8 36.Kd2 Rad8 37.Kc1 Ne6 38.Ne2 Nc5 39.Ng3 Bc6 40.Be3 Bxe4 
41.Nxe4 Nxe4 42.Bb6 Ra8 43.Rd1 Ra6 44.Bd4 Kf7 45.Rf1 f5 46.Rh1 h5 47.Rg1 
Rd6 48.Kc2 a4 49.Kc1 Kg8 50.Bxh5 Kf7 51.Bf3 Rxd4 52.cxd4 Rd8 53.Bxe4 fxe4 
54.Rg5 Rxd4 55.Rxb5 Kf6 56.Kc2 e3 57.Rb8 Rd3 58.Re8 Kf5 59.Rf8+ Kg4 60.Re8
g5 61.Re7 Kg3 62.Re5 Kf3 63.Rf5+ Kg4 64.Re5 Kf4 65.Re8 g4 66.Rf8+ Kg3 67.
Re8 Kf2 68.Rf8+ Kg2 69.Re8 g3 70.Re4 Kf3 71.Rxc4 e2 72.Rc8 Rd1 0-1

[Event "16th EUR-ch"]
[Site "Jerusalem ISR"]
[Date "2015.03.03"]
[Round "7"]
[White "Bartel, Mateusz"]
[Black "Sargissian, Gabriel"]
[Result "1/2-1/2"]
[WhiteElo "2631"]
[BlackElo "2668"]
[EventDate "2015.02.24"]
[PlyCount "68"]

1.e4 e5 2.Nf3 Nc6 3.Bb5 Nf6 4.d3 Bc5 5.c3 O-O 6.O-O Re8 7.Bg5 h6 8.Bh4 Be7
9.Bg3 d6 10.a4 Nh5 11.a5 Nxg3 12.fxg3 Rf8 13.a6 Nb8 14.axb7 Bxb7 15.Bc4 
Nd7 16.Qb3 Nc5 17.Qa2 a5 18.Nbd2 a4 19.Ne1 Bf6 20.Nc2 c6 21.Nb4 Nd7 22.Qb1
Nb6 23.Qd1 d5 24.exd5 cxd5 25.Bb5 Be7 26.Nc6 Bxc6 27.Bxc6 Ra7 28.Kh1 Qc7 
29.Bb5 Bg5 30.Nf3 Bf6 31.Qe2 Ra5 32.d4 exd4 33.Nxd4 Bxd4 34.cxd4 Qd6 
1/2-1/2

[Event "16th EUR-ch"]
[Site "Jerusalem ISR"]
[Date "2015.03.03"]
[Round "7"]
[White "Howell, David"]
[Black "Lupulescu, Constantin"]
[Result "1-0"]
[WhiteElo "2663"]
[BlackElo "2626"]
[EventDate "2015.02.24"]
[PlyCount "127"]

1.Nf3 Nf6 2.g3 d5 3.Bg2 c6 4.c4 dxc4 5.O-O Nbd7 6.Na3 Nb6 7.Qc2 Be6 8.Ng5 
Bg4 9.f3 Bh5 10.Nxc4 Qd4+ 11.Ne3 e6 12.Kh1 Be7 13.d3 Nfd5 14.Nd1 O-O 15.a3
Bg6 16.Ne4 Nd7 17.Rb1 a5 18.b3 Qb6 19.Bb2 f5 20.Nd2 f4 21.Bh3 Bf5 22.Bxf5 
Rxf5 23.Rg1 Bf6 24.Ne4 Bxb2 25.Qxb2 e5 26.gxf4 Rxf4 27.Ndf2 Qd4 28.Qd2 Qe3
29.Qxe3 Nxe3 30.Nd6 b6 31.Nc4 Nd5 32.Rg5 Re8 33.Rbg1 g6 34.Ng4 Nc3 35.Rg2 
Nb5 36.h4 Nc7 37.Kg1 c5 38.Ngxe5 Nxe5 39.Rxe5 Rxe5 40.Nxe5 Rxh4 41.Nc4 Nd5
42.Rg5 Nc3 43.e3 a4 44.bxa4 Nxa4 45.Rd5 b5 46.Nd6 b4 47.axb4 cxb4 48.Rb5 
Nc3 49.Rb8+ Kg7 50.Nc4 Nd5 51.Rb5 Rh5 52.d4 Kh6 53.Rb7 Kg5 54.Kg2 Kh4 55.
Kf2 Kh3 56.Ne5 Nc3 57.Rxb4 Rg5 58.e4 h5 59.Ke3 Rg2 60.Kd3 Nd1 61.Rb1 Nb2+ 
62.Ke3 Rc2 63.Nxg6 Kg3 64.Rg1+ 1-0

[Event "16th EUR-ch"]
[Site "Jerusalem ISR"]
[Date "2015.03.03"]
[Round "7"]
[White "Nisipeanu, Liviu-Dieter"]
[Black "Bukavshin, Ivan"]
[Result "1-0"]
[WhiteElo "2654"]
[BlackElo "2622"]
[EventDate "2015.02.24"]
[PlyCount "137"]

1.e4 c5 2.Nf3 e6 3.d4 cxd4 4.Nxd4 Nc6 5.Nc3 Qc7 6.Be3 a6 7.Qd2 Be7 8.O-O-O
Nf6 9.f3 b5 10.Kb1 Ne5 11.g4 h6 12.Qg2 b4 13.Na4 d5 14.f4 Nexg4 15.Bc1 e5 
16.fxe5 Nxe4 17.e6 Ngf2 18.Qxg7 Bf6 19.Nb5 Qxc2+ 20.Kxc2 Bxg7 21.Nc7+ Ke7 
22.Nxd5+ Kxe6 23.Bg2 Be5 24.Rhe1 f5 25.Nc5+ Kf7 26.Nxe4 Nxe4 27.Bxe4 fxe4 
28.Rxe4 Re8 29.Rf1+ Kg6 30.Nf4+ Bxf4 31.Rexf4 Bh3 32.Rg1+ Kh5 33.Rxb4 Re2+
34.Kb3 Rf8 35.Rg3 Rxh2 36.Rb6 Rh8 37.Rxa6 Bg4 38.Rc3 Bf5 39.a4 Kg4 40.Rb6 
Be4 41.Rf6 Re2 42.Ka3 Rd8 43.Bxh6 Rd1 44.Bc1 Bc2 45.Rf4+ Kh5 46.Rh3+ Kg6 
47.Rg3+ Kh5 48.Rf8 Kh4 49.Rg7 Rd3+ 50.Ka2 Bb3+ 51.Ka1 Rd5 52.Rf1 Rd1 53.
Rxd1 Bxd1 54.a5 Re4 55.Kb1 Ra4 56.Bd2 Bb3 57.Be1+ Kh5 58.Rb7 Be6 59.b4 Kg4
60.b5 Kf5 61.b6 Ra3 62.Kc2 Ra2+ 63.Kd3 Ke5 64.Re7 Ra3+ 65.Bc3+ Kd5 66.Rxe6
Kxe6 67.b7 Rb3 68.a6 Kd7 69.a7 1-0

[Event "16th EUR-ch"]
[Site "Jerusalem ISR"]
[Date "2015.03.03"]
[Round "7"]
[White "Shimanov, Aleksandr"]
[Black "Khismatullin, Denis"]
[Result "1/2-1/2"]
[WhiteElo "2594"]
[BlackElo "2653"]
[EventDate "2015.02.24"]
[PlyCount "111"]

1.d4 Nf6 2.c4 e6 3.Nc3 Bb4 4.e3 O-O 5.Bd3 c5 6.Nf3 b6 7.d5 d6 8.O-O Bxc3 
9.bxc3 Re8 10.Re1 Nbd7 11.e4 Nf8 12.a4 Ng6 13.Ra2 Bd7 14.h3 e5 15.Nh2 h6 
16.Nf1 Rb8 17.Ng3 Nf4 18.Bb1 a6 19.Qf3 Ng6 20.Kh2 Rb7 21.Nf1 Nh4 22.Qd1 
Ng6 23.Qf3 Nh7 24.Ne3 Ng5 25.Qg3 Nf4 26.Kh1 b5 27.axb5 axb5 28.cxb5 Rxb5 
29.Bc2 Ra5 30.Rb2 Ra1 31.f3 Nh5 32.Qh4 Nxe4 33.Qxd8 Neg3+ 34.Kh2 Rxd8 35.
Bd2 Raa8 36.Nc4 Bf5 37.Bxf5 Nxf5 38.g4 Nh4 39.gxh5 Nxf3+ 40.Kg2 Nxe1+ 41.
Bxe1 Ra1 42.Bh4 Rd7 43.Rb8+ Kh7 44.Rd8 Raa7 45.Rxd7 Rxd7 46.Kf3 f5 47.Ne3 
g6 48.hxg6+ Kxg6 49.Nc4 Kh5 50.Be1 Kg5 51.Bd2+ Kh5 52.Be1 Rd8 53.Bf2 Kg5 
54.Be3+ Kh5 55.Bf2 Rd7 56.Be1 1/2-1/2

[Event "16th EUR-ch"]
[Site "Jerusalem ISR"]
[Date "2015.03.03"]
[Round "7"]
[White "Volokitin, Andrei"]
[Black "Goganov, Aleksey"]
[Result "1-0"]
[WhiteElo "2646"]
[BlackElo "2605"]
[EventDate "2015.02.24"]
[PlyCount "77"]

1.e4 e5 2.Nf3 Nc6 3.Bb5 a6 4.Ba4 Nf6 5.O-O Be7 6.Re1 b5 7.Bb3 d6 8.c3 O-O 
9.h3 Nb8 10.d4 Nbd7 11.Nbd2 Bb7 12.Bc2 Re8 13.Nf1 Bf8 14.Ng3 g6 15.a4 Bg7 
16.Bd3 c6 17.Be3 Qe7 18.Qd2 Red8 19.b4 Ne8 20.Bc2 Nb6 21.Bg5 Bf6 22.Bxf6 
Qxf6 23.Qh6 exd4 24.cxd4 Qg7 25.Qh4 Nc7 26.e5 dxe5 27.Ne4 Ne6 28.dxe5 c5 
29.axb5 axb5 30.Rxa8 Rxa8 31.bxc5 Na4 32.Nd4 Naxc5 33.Nf6+ Kh8 34.Nxb5 Ba6
35.Nd6 Nc7 36.Rb1 N5e6 37.Qa4 Rd8 38.Rb6 Nc5 39.Qc6 1-0

[Event "16th EUR-ch"]
[Site "Jerusalem ISR"]
[Date "2015.03.03"]
[Round "7"]
[White "Popov, Ivan"]
[Black "Kantarji, Pinchas"]
[Result "1-0"]
[WhiteElo "2639"]
[BlackElo "2420"]
[EventDate "2015.02.24"]
[PlyCount "101"]

1.e4 e5 2.Nf3 Nc6 3.Bb5 a6 4.Ba4 Nf6 5.d3 b5 6.Bb3 Be7 7.a4 Rb8 8.axb5 
axb5 9.O-O O-O 10.Nc3 d6 11.h3 Be6 12.Nd5 Bxd5 13.exd5 Nb4 14.d4 e4 15.Nd2
c6 16.dxc6 d5 17.f3 Nxc6 18.c3 exf3 19.Nxf3 b4 20.c4 dxc4 21.Bxc4 Na5 22.
Bd3 Qb6 23.Re1 Bd6 24.Bg5 Nd5 25.Qe2 Nc7 26.Qe4 g6 27.Qh4 Rfe8 28.Kh1 
Rxe1+ 29.Rxe1 Re8 30.Rf1 Nd5 31.Nd2 Bf8 32.Ne4 Bg7 33.Nc5 Qd6 34.Qf2 f5 
35.Ra1 Nc6 36.Ra6 h6 37.Bd2 Kh7 38.Nb3 Nde7 39.Qf3 Rc8 40.Bb5 Qc7 41.Bf4 
Qb7 42.Qd3 Rd8 43.Be3 Qc8 44.Ra1 Qe6 45.Rd1 Nd5 46.Bf2 Nce7 47.Re1 Qb6 48.
Bc4 Qc6 49.Nc5 Nf4 50.Qg3 Ned5 51.Bxd5 1-0

[Event "16th EUR-ch"]
[Site "Jerusalem ISR"]
[Date "2015.03.03"]
[Round "7"]
[White "Zhigalko, Andrey"]
[Black "Najer, Evgeniy"]
[Result "1/2-1/2"]
[WhiteElo "2572"]
[BlackElo "2634"]
[EventDate "2015.02.24"]
[PlyCount "46"]

1.e4 c5 2.Nf3 d6 3.d4 cxd4 4.Nxd4 Nf6 5.Nc3 a6 6.Be3 e5 7.Nb3 Be6 8.h3 Be7
9.f4 exf4 10.Bxf4 Nc6 11.Qe2 Nd7 12.O-O-O Nce5 13.Kb1 Rc8 14.Qe3 O-O 15.g4
b5 16.Nd4 Re8 17.g5 Qc7 18.h4 Nb6 19.Bh3 Bf8 20.Qg3 Qc5 21.Nb3 Qc7 22.Nd4 
Qc5 23.Nb3 Qc7 1/2-1/2

[Event "16th EUR-ch"]
[Site "Jerusalem ISR"]
[Date "2015.03.03"]
[Round "7"]
[White "Matlakov, Maxim"]
[Black "Andriasian, Zaven"]
[Result "1-0"]
[WhiteElo "2695"]
[BlackElo "2612"]
[EventDate "2015.02.24"]
[PlyCount "89"]

1.Nf3 d5 2.d4 Nf6 3.c4 c6 4.e3 Bg4 5.Nc3 e6 6.Qb3 Qc7 7.Nh4 Bh5 8.h3 Nbd7 
9.g4 Bg6 10.Nxg6 hxg6 11.Bg2 g5 12.cxd5 Nxd5 13.Nxd5 exd5 14.e4 Be7 15.
exd5 c5 16.dxc5 Nxc5 17.Qb5+ Qd7 18.Qe2 O-O 19.O-O Bf6 20.Be3 Rfe8 21.Rad1
Rac8 22.d6 Re6 23.Qd2 Ne4 24.Qb4 Nxd6 25.Bxa7 Qc7 26.Bd5 Re2 27.Bb6 Qb8 
28.Bf3 Re6 29.Bc5 Ne8 30.Rfe1 Re5 31.Rxe5 Qxe5 32.Be3 Rc2 33.Qxb7 Rxb2 34.
Qa8 Rb8 35.Qa7 Rc8 36.a4 Nd6 37.Qa6 Rd8 38.Rd5 Qe6 39.a5 Be7 40.Qd3 Rc8 
41.a6 Nc4 42.a7 Ne5 43.Rxe5 Qxe5 44.Qe4 Qa1+ 45.Kg2 1-0

[Event "16th EUR-ch"]
[Site "Jerusalem ISR"]
[Date "2015.03.03"]
[Round "7"]
[White "Moiseenko, Alexander"]
[Black "Grandelius, Nils"]
[Result "1/2-1/2"]
[WhiteElo "2695"]
[BlackElo "2609"]
[EventDate "2015.02.24"]
[PlyCount "151"]

1.d4 Nf6 2.c4 g6 3.Nc3 d5 4.cxd5 Nxd5 5.Bd2 Bg7 6.e4 Nb6 7.Be3 O-O 8.h3 e5
9.dxe5 Bxe5 10.Qc2 Nc6 11.Nf3 Bg7 12.Bc5 Re8 13.Rd1 Qf6 14.Be2 Ne5 15.Bd4 
Nxf3+ 16.Bxf3 Qh4 17.Bxg7 Kxg7 18.Nb5 Bd7 19.Nxc7 Rec8 20.Qc3+ Kg8 21.O-O 
Qg5 22.Nxa8 Rxc3 23.bxc3 Bxh3 24.Nxb6 axb6 25.e5 Be6 26.Rfe1 Bxa2 27.Bxb7 
Qf5 28.Bd5 Bxd5 29.Rxd5 Qc2 30.Re3 Qb1+ 31.Kh2 Qa2 32.Rd8+ Kg7 33.Kg3 h5 
34.Rd4 g5 35.f4 h4+ 36.Kh2 g4 37.f5 g3+ 38.Kh3 Qb1 39.f6+ Kg6 40.Rxh4 Qg1 
41.Rxg3+ Kf5 42.Rf3+ Kxe5 43.Rd4 Qc1 44.Rdd3 Qh6+ 45.Kg3 Qg5+ 46.Kf2 Qh4+ 
47.Ke2 Qh2 48.Rde3+ Kd5 49.Kf1 Qh7 50.Kg1 Qb1+ 51.Rf1 Qg6 52.Rf4 Qb1+ 53.
Kf2 Qc2+ 54.Kf3 Qd1+ 55.Kg3 Qh5 56.Kf2 Qg6 57.g4 Kc6 58.Ree4 Qh6 59.Kg2 
Kd5 60.c4+ Kc6 61.Kg3 Qh1 62.Re7 Qg1+ 63.Kh4 Qh2+ 64.Kg5 Qh7 65.Rf5 Kd6 
66.Ree5 Qg6+ 67.Kf4 Qh6+ 68.Kg3 Qc1 69.Rd5+ Kc6 70.c5 Qe3+ 71.Kg2 Qe2+ 72.
Kh3 Qe3+ 73.Kh2 Qe2+ 74.Kg3 Qe3+ 75.Kh4 Qh6+ 76.Kg3 1/2-1/2

[Event "16th EUR-ch"]
[Site "Jerusalem ISR"]
[Date "2015.03.03"]
[Round "7"]
[White "Vovk, Yuri"]
[Black "Cheparinov, Ivan"]
[Result "1/2-1/2"]
[WhiteElo "2588"]
[BlackElo "2681"]
[EventDate "2015.02.24"]
[PlyCount "93"]

1.d4 Nf6 2.c4 e6 3.Nf3 d5 4.Nc3 c6 5.Bg5 h6 6.Bxf6 Qxf6 7.e3 Nd7 8.Bd3 
dxc4 9.Bxc4 g6 10.O-O Bg7 11.a4 O-O 12.a5 Qe7 13.Qd3 Rd8 14.Rfd1 Rb8 15.
Ne4 Nf6 16.Ne5 Nd5 17.a6 Nb4 18.Qa3 bxa6 19.Qa5 Rb6 20.Rac1 Qh4 21.Nc3 Qe7
22.Na4 Rb8 23.Nc5 Rb6 24.b3 Qd6 25.Be2 Qe7 26.g3 Rd5 27.Bc4 Rd8 28.h4 h5 
29.Ne4 Rb8 30.Ng5 Rf8 31.Be2 Rb6 32.Rc5 Bd7 33.Bc4 Nd5 34.e4 Nc7 35.f4 Be8
36.Ngf3 Nb5 37.Bxb5 cxb5 38.Rdc1 Qb7 39.Qe1 Rd6 40.Rc7 Qb6 41.Qb4 a5 42.
Qc5 f6 43.Nd3 Rf7 44.Rc8 Rf8 45.Rc7 Rf7 46.Rc8 Rf8 47.Rc7 1/2-1/2